000 00781nam a2200241Ia 4500
001 858
003 GE_BSU
008 181216s||||||||xx |||||||||||||| ||und||
020 _a5942270619
040 _cGE_BSU
080 _a33(075.8)
245 _aБюджетная система Российкой Федерации.
245 _bУчебник для студ. высш. учеб. завед.
245 _cПод. ред.М.В. Романовского и О.В. Врублевский
250 _aИзд. 2-е, испр. и перераб
260 _aМосква
260 _bЮрайт
260 _c2001
300 _a615с.
541 _h20л.
653 _aБюджетная система Российской федерации.
942 _cBK
999 _c35019
_d35019